[Event "SLO-chT2 East"]
[Site "Slovenia"]
[Date "2018.10.13"]
[Round "4"]
[White "Mohar, Martin"]
[Black "Zajdela, Domen"]
[Result "1-0"]
[WhiteElo "1577"]
[BlackElo "1545"]
[PlyCount "163"]
[EventDate "2018.09.15"]
[EventType "team-tourn"]
[EventRounds "9"]
[EventCountry "SLO"]
[SourceTitle "EXT 2021"]
[Source "ChessBase"]
[SourceDate "2020.10.23"]
[SourceVersion "1"]
[SourceVersionDate "2020.10.23"]
[SourceQuality "1"]
[WhiteTeam "Gornja Radgona"]
[BlackTeam "Ptuj SD II"]
[WhiteTeamCountry "SLO"]
[BlackTeamCountry "SLO"]

1. d4 d5 2. c4 c6 3. Nc3 Nf6 4. e3 e6 5. Nf3 Be7 6. Bd3 0-0 7. b3 Nbd7 8. Bb2 b6 9. 0-0 Bb7 10. Qc2 Qc7 11. Rfc1 Rae8 12. cxd5 exd5 13. Ne2 Bd6 14. h3 h6 15. Qd1 Qb8 16. Rc2 g6 17. Rac1 Re7 18. Qe1 a5 19. a3 Qa7 20. b4 a4 21. Nc3 Rfe8 22. Re2 Ne4 23. Qd1 Nxc3 24. Bxc3 b5 25. Qc2 Kg7 26. Rce1 f5 27. Nh4 Rf7 28. Bxf5 gxf5 29. Nxf5+ Rxf5 30. Qxf5 Bc8 31. Qc2 Nf6 32. f3 Qf7 33. e4 Bg3 34. Rf1 Qg6 35. e5 Nh5 36. Qxg6+ Kxg6 37. Bd2 Bf5 38. Rc1 Re6 39. Be3 Bd3 40. Rd2 Bc4 41. Rdd1 Ng7 42. Bf2 Bf4 43. Rc3 Nf5 44. g4 Ng7 45. Be3 Bxe3+ 46. Rxe3 Kg5 47. Kf2 Kf4 48. Rg1 Rg6 49. Ree1 Ne6 50. Rd1 Ng5 51. Rg3 Ne6 52. Rd2 h5 53. Rg2 Ng5 54. gxh5 Nxh3+ 55. Ke1 Rh6 56. Rg6 Rxh5 57. e6 Ng5 58. Rg2 Rh1+ 59. Kd2 Nxf3+ 60. Kc3 Re1 61. Rf6+ Ke4 62. Rg4+ Ke3 63. e7 Kf2 64. Rgf4 Re3+ 65. Kb2 Be2 66. Rf7 Kg3 67. R4f6 Nxd4 68. Rg7+ Bg4 69. Rf8 Re2+ 70. Kc3 Ne6 71. Rxg4+ Kxg4 72. e8Q d4+ 73. Kd3 Re3+ 74. Kd2 Ng5 75. Qd7+ Re6 76. Qxd4+ Kh5 77. Rf5 Kg6 78. Rf4 Kh5 79. Qh8+ Kg6 80. Qg8+ Kh5 81. Rf5 Rg6 82. Qh7+ 1-0

[Event "Ptuj op"]
[Site "Ptuj"]
[Date "2018.08.11"]
[Round "5"]
[White "Zajdela, Domen"]
[Black "Preloznik, Jure"]
[Result "1-0"]
[WhiteElo "1545"]
[BlackElo "1579"]
[PlyCount "173"]
[EventDate "2018.08.07"]
[EventType "swiss"]
[EventRounds "9"]
[EventCountry "SLO"]
[SourceTitle "CBM 186 Extra"]
[Source "ChessBase"]
[SourceDate "2018.08.24"]
[SourceVersion "1"]
[SourceVersionDate "2018.08.24"]
[SourceQuality "1"]

1. d4 Nf6 2. c4 g6 3. Nf3 d6 4. Nc3 Bg7 5. e4 0-0 6. Be2 Nbd7 7. 0-0 c6 8. Rb1 Re8 9. h3 e5 10. d5 cxd5 11. cxd5 Nc5 12. Qc2 a6 13. Nh2 b5 14. b4 Na4 15. Nxa4 bxa4 16. b5 axb5 17. Bxb5 Bd7 18. Ba3 Bf8 19. Bd3 Qc8 20. Rfc1 Qxc2 21. Rxc2 Rec8 22. Rcc1 Rxc1+ 23. Rxc1 Rc8 24. f3 Nh5 25. Rxc8 Bxc8 26. Bb5 f5 27. Kf2 Nf6 28. Ke3 Bd7 29. Bc4 Nh5 30. Kf2 Nf6 31. Bd3 h5 32. Nf1 Kf7 33. Ng3 f4 34. Ne2 Be8 35. Nc3 Ke7 36. Bb5 Nd7 37. Bxa4 Nb6 38. Bc6 Nc8 39. Bb4 Na7 40. Bxd6+ Kxd6 41. Bxe8 h4 42. Bxg6 Kc5 43. Be8 Kb4 44. Na4 Ka3 45. Ke2 Kxa2 46. Nb6 Kb3 47. Nd7 Bd6 48. Nf6 Be7 49. Ng4 Bd6 50. Nh6 Be7 51. Nf5 Bf6 52. d6 Kb4 53. Nh6 Kc5 54. Nf7 Kc4 55. Ba4 Kb4 56. d7 Kxa4 57. Nxe5 Kb5 58. Nd3 Kc6 59. e5 Bg5 60. e6 Kd6 61. Nxf4 Nc6 62. Ke3 Ke5 63. d8Q Nxd8 64. e7 Bxe7 65. Ng6+ Kf6 66. Nxe7 Kxe7 67. Kf4 Nf7 68. Kg4 Kf6 69. Kxh4 Ne5 70. f4 Ng6+ 71. Kg4 Nf8 72. h4 Ne6 73. h5 Kg7 74. Kf5 Nd4+ 75. Ke5 Nc6+ 76. Ke4 Kh6 77. g4 Nd8 78. Kd5 Nf7 79. Ke6 Nd8+ 80. Kf6 Nb7 81. f5 Nd6 82. Ke6 Ne4 83. f6 Ng5+ 84. Ke7 Nh7 85. f7 Kg7 86. g5 Kh8 87. h6 1-0